Najwyższe budynki w Polsce - Statystyki

Ogólne statystyki
  • Ten quiz został rozwiązany 25 razy
  • Średni wynik to 6 z 15
Statystyki odpowiedzi
Miasto Budynek % Poprawnych
Warszawa Pałac Kultury i Nauki
85%
Warszawa Varso
80%
Wrocław Sky Tower
60%
Warszawa Złota 44
60%
Warszawa Rondo 1
45%
Warszawa Warsaw Spire
35%
Gdańsk Olivia Star
30%
Warszawa Q22
30%
Warszawa Centrum LIM
25%
Warszawa InterContinental Warszawa
25%
Warszawa Skyliner
25%
Warszawa Warsaw Trade Tower
25%
Warszawa Warsaw Unit
25%
Rzeszów (budynek w budowie) Olszynki Park
20%
Warszawa Warsaw Financial Center
20%
Nie znaleziono quizów pasujących do podanych kryteriów
Rozkład punktacji
Procent ludzi z każdym wynikiem
Percentyl według liczby udzielonych odpowiedzi
Twoja historia wyników
Nie rozwiązałeś tego quizu